Induccin̤ a la legislacin̤ aduanera 2021

Bibliographic Details
Main Author: Sosa Carpenter, Rafael
Format: eBook
Language:Spanish
Published: Ciudad de Mx̌ico: Carpenter Consulting Group, 2021
Subjects:
Online Access:Acceso restringido

MARC

LEADER 00000nam a22000007a 4500
005 20210507012254.0
007 cr|||| ||||
008 210507s2021 mx |||||s|||| 00||0 spa d
020 |a 978-607-99178-0-7 
035 |a 33443 
040 |a vLex 
090 |c 11628  |d 11628 
100 1 |a Sosa Carpenter, Rafael 
245 1 0 |a Induccin̤ a la legislacin̤ aduanera 2021  |h [Recurso electrn̤ico] /  |c Rafael Sosa Carpenter 
256 |a Servicio en ln̕ea 
260 |a Ciudad de Mx̌ico:  |b Carpenter Consulting Group,  |c 2021 
300 |a 1 recurso electrn̤ico 
506 1 |a Disponible solo en los productos indicados  |d vLex Global  |d vLex Global (Academic Edition, excluding Law Schools)  |d vLex Global (U.S. Academic Edition, Law Schools)  |d vLex Global (U.S. Academic Edition, excluding Law Schools)  |d vLex Global (Academic Edition, Law Schools) 
650 0 4 |a Derecho Pb︢lico y Administrativo  |z Mx̌ico 
740 0 |a vLex Libros (Servicio en ln̕ea) 
856 4 0 |u https://vlex.com/source/induccion-legislacion-aduanera-2021-33443  |z Acceso restringido 
942 |c BOOK 
999 0 |a Public and Administrative Law